ՀՀ Գիտությունների ազգային ակադեմիայի հիմնարար գիտական գրադարան  =   Fundamental Scientific Library of NAS RA

Զանգակավոր գայլը : (Record no. 80736)

MARC details
000 -LEADER
fixed length control field 00697nam a2200205 a 4500
003 - CONTROL NUMBER IDENTIFIER
control field AM-YEHGA
040 ## - CATALOGING SOURCE
Original cataloging agency AM-YeHGA
090 ## - LOCALLY ASSIGNED LC-TYPE CALL NUMBER (OCLC); LOCAL CALL NUMBER (RLIN)
-- 82004
001 - CONTROL NUMBER
control field 000229232
005 - DATE AND TIME OF LATEST TRANSACTION
control field 20250618071547.0
008 - FIXED-LENGTH DATA ELEMENTS--GENERAL INFORMATION
fixed length control field 030527s1945 ai r 000 0 arm d
041 0# - LANGUAGE CODE
Language code of text/sound track or separate title arm
100 1# - MAIN ENTRY--PERSONAL NAME
Personal name Մկրտչյան, Հարություն Գաբրիելի,
Dates associated with a name 1903-1992
9 (RLIN) 1865
245 10 - TITLE STATEMENT
Title Զանգակավոր գայլը :
Remainder of title [Հեքիաթ] /
Statement of responsibility, etc. Հ. Մկրտչյան; Նկ.՝ Մ. Մոխ.
260 ## - PUBLICATION, DISTRIBUTION, ETC.
Place of publication, distribution, etc. Երևան :
Name of publisher, distributor, etc. Հայպետհրատ,
Date of publication, distribution, etc. 1945.
300 ## - PHYSICAL DESCRIPTION
Extent 22 էջ :
Other physical details նկ. ;
Dimensions 14 սմ.
650 14 - SUBJECT ADDED ENTRY--TOPICAL TERM
Topical term or geographic name entry element Հայ մանկական գրականություն
General subdivision Հեքիաթ
700 1# - ADDED ENTRY--PERSONAL NAME
Personal name Մոխ, Մ.
Relator term նկ.
Relationship art
942 ## - ADDED ENTRY ELEMENTS (KOHA)
Source of classification or shelving scheme Universal Decimal Classification
Koha item type Գրքեր / Books
Holdings
Withdrawn status Lost status Damaged status Not for loan Collection Home library Current library Date acquired Total checkouts Full call number Barcode Date last seen Cost, replacement price Price effective from Koha item type Public note
        General Fundamental Scientific Library Fundamental Scientific Library 22/12/2016   AI/6281 FL0042175 22/12/2016 2.00 22/12/2016 Գրքեր / Books 30 Days Loan
        General Fundamental Scientific Library Fundamental Scientific Library 22/12/2016   AI/6282 FL0042174 22/12/2016 2.00 22/12/2016 Գրքեր / Books 30 Days Loan
        Kusikian Individual Collection Fundamental Scientific Library Fundamental Scientific Library 05/02/2021   Կուս/2067 FL0638297 05/02/2021   05/02/2021 Գրքեր / Books ILL Non Circ


ՀՀ ԳԱԱ հիմնարար գիտական գրադարան
ՀՀ,Երևան 0019
Մարշալ Բաղրամյան 24/6
հեռախոս:(374-10) 52-47-50
Հետադարձ կապ

All site content, except where otherwise noted, is licensed under a
Creative Commons License